1109 1975 1667 1618 1860 1398 1313 1362 1887 1917 1022 1692 1680 1181 1507 1788 1183 1403 1674 1395 1437 1712 1201 1643 1668 1518 1412 1224 1753 1352 1383 1876 1902 1416 1300 1109 1605 1488 1895 1895 1689 1253 1622 1192 1883 1635 1684 1832 1790 1160 1059 1828 1091 1471 1446 1549 1779 1236 1279 1776 1973 1426 1921 1242 1506 1801 1673 1229 1944 1750 1066 1524 1100 1246 1188 1541 1431 1818 1225 1062 1462 1296 1491 1899 1226 1823 1947 1138 1107 1426 1405 1457 1935 1189 1334 1892 1114 1931 1714 BCNSPRNW ULIB Ver.6.0+V

เปลี่ยนเป็นภาษาไทย

Change to English
 แสดงรายละเอียดบรรณานุกรม
  กลับหน้าหลัก

Brief Record : Get Marc (ISO 2709) : E-mail record : QR code < ปิดหน้าต่าง
LEADER : 00000nam 2200000uu 4500
001    13399107959
003     ULIB
008    110211s2548||||th 000 0 tha d
020    9741102976
060  4 WS125^bม646น 2548
100 0  มานี ปิยะอนันต์
245 00 นมแม่/^cมานี ปิยะอนันต์
250    พิมพ์ครั้งที่ 1
260    กรุงเทพฯ:^bศิริยอดการพิมพ์(ประเทศไทย)จำกัด,^c2548
300    148 หน้า:^bภาพประกอบ
650  7 กายวิภาคและสรีรวิทยาของเต้านม
650  7 ส่วนประกอบของนมแม่
650  7 นมแม่
650  7 ประโยชน์ของนมแม่
945    ^p270^l0^i018858
945    ^p270^l0^i018772
945    ^p270^l0^i021946
995    ทศพร
999 ^a ใช้งานได้ทุกระบบ
รายการนี้ยังไม่มีแท็ก
คุณยังไม่ได้ล็อกอิน คุณสามารถมีกิจกรรมร่วมกับเว็บไซต์ได้ แต่ต้องล็อกอินก่อน ::
  ล็อกอิน

รายการสื่อสารสนเทศ

ลำดับที่ ประเภท เลขเรียก/บาร์โค้ด สถานที่ สถานะ
- ไม่พบข้อมูล -

รายการใกล้เคียง
    ผู้แต่ง [มานี ปิยะอนันต์]

    หัวเรื่อง [นมแม่]

BibComment


ยังไม่เคยถูกคอมเมนท์

คอมเมนท์ทรัพยากรรายการนี้
  คอมเมนท์: นมแม่ มานี ปิยะอน..


 Copyright 2026. Bcnsprnw @Library